00819cam a22002417a 4500020001500000040000800015082002600023245007700049246005900126260006400185300004500249500002600294650000900320650001600329650001900345650002900364650000900393650000900402650002900411710003500440710006100475710004100536 a9251053642 cVPI aRIS INT 2005 A035 Or.00aRice is life :bInternational Year of Rice 2004 and its implementation /30aInternational Year of Rice 2004 and its implementation aRome, Italy :bInternational Rice Commission :bFAO,c2005. axvii, 133 p. :bcol. ill. ;c22 x 28 cm. a"October 2005"-- T.p. 0aRice 0aRice trade. 0aRice products. 0aSustainable development. 0aRice 0aRice 0aRice in human nutrition.2 aInternational Rice Commission.2 aFood and Agriculture Organization of the United Nations.2 aInternational Year of Rice (Program)